00531nam a2200193 a 4500001001300000003000900013005001700022008004100039020002300080082001400103100002000117245007100137260003500208300000900243500003500252505001000287650002000297700002000317nice12345678IN_TiNIC20260116013605.0050524s1989 atla grp 000 0 eng  a0804252 c34300a239bALL3 aAllen, Diogenes aChristian Belief in a Postmodern Worldb Full Wealth of Conviction aAtlantabJohn Knox Pressc1989 a238p aincludes index and biblioraphy2 aIndex aTheology-Modern1 aAllen, Diogenes